| 000 | 00462nam a2200181 a 4500 | ||
|---|---|---|---|
| 001 | 1771568628560 | ||
| 003 | YourLibrary | ||
| 005 | 20260220115515.0 | ||
| 008 | 260220s1997##################000#0#eng## | ||
| 020 | _a9780875846507 | ||
| 082 | 0 | 4 |
_a338.064 _bPIS |
| 100 | 1 |
_aPisano, Gary P., _eauthor. |
|
| 245 | 1 | 0 | _aThe Development Factory : |
| 260 | _c1997. | ||
| 650 | 0 | _aBusiness & Economics. | |
| 942 | _cENGLISH | ||
| 040 |
_aYourLibrary _beng _cYourLibrary |
||
| 999 |
_c614020 _d614020 |
||